Viajes de exploración por las selvas de la Indochina : los "espíritus de las hojas amarillas"/
Relato de viaje resultado de una expedición a la Indochina, efectuada entre los años de 1936 y 1937, cuando los autores –una pareja de etnólogos austríacos- dedicaron 16 meses al estudio de los grupos étnicos de la región.
Uloženo v:
| Hlavní autor: | |
|---|---|
| Další autoři: | , |
| Médium: | Kniha |
| Jazyk: | španělština |
| Vydáno: |
Barcelona, España :
Labor,
copyright fecha no identificada
|
| Edice: | (Libros de Viajes)
|
| Témata: | |
| Tagy: |
Žádné tagy, Buďte první, kdo vytvoří štítek k tomuto záznamu!
|
MARC
| LEADER | 00000nam^a2200000^a^4500 | ||
|---|---|---|---|
| 001 | 000099128 | ||
| 005 | 20250521000000.0 | ||
| 009 | 20260310093117.216 | ||
| 037 | |a Acervo ITESO - Biblioteca | ||
| 041 | |a ESP | ||
| 082 | |a 808. 83 |b LAB BER VIA | ||
| 100 | |a Bernatzik, Hugo Adolf |e (autor) | ||
| 245 | 1 | 0 | |a Viajes de exploración por las selvas de la Indochina : |b los "espíritus de las hojas amarillas"/ |c H.A. Bernatzik ; colaboración de E. Bernatzik ; versión de F. Payarols. |
| 264 | 4 | |a Barcelona, España : |b Labor, |c copyright fecha no identificada | |
| 300 | |a 271 p., 80 p. de láminas | ||
| 336 | |a texto |b txt |2 rdacontenido | ||
| 337 | |a sin mediación |b n |2 rdamedio | ||
| 338 | |a volumen |b nc |2 rdasoporte | ||
| 440 | 1 | |a (Libros de Viajes) | |
| 500 | |a Traducción de: Die geister der gelben Blätter. Forschungsreisen in Hinterindien | ||
| 520 | |a Relato de viaje resultado de una expedición a la Indochina, efectuada entre los años de 1936 y 1937, cuando los autores –una pareja de etnólogos austríacos- dedicaron 16 meses al estudio de los grupos étnicos de la región. | ||
| 649 | |a XX | ||
| 650 | |a Antropólogos Austríacos - |x Memorias | ||
| 650 | |a Exploradores y Viajeros Austríacos - |x Memorias | ||
| 650 | |a Grupos Etnicos - |z Indochina - |x Condiciones Sociales y Culturales - |x Tema Principal | ||
| 650 | |a Grupos Etnicos - |z Asia Sudoriental - |x Condiciones Sociales y Culturales | ||
| 650 | |a Libros de Viajes Austríacos | ||
| 650 | |a Libros de Viajes - |z Indochina | ||
| 650 | |a Literatura Autobiográfica - |z Austria | ||
| 650 | |a Literatura en Alemán - |z Austria | ||
| 650 | |a Literatura Austríaca - |y Siglo XX | ||
| 650 | |a Expediciones Científicas - |z Indochina - |x Tema Principal | ||
| 650 | |a Viajes y Travesías - |z Indochina | ||
| 650 | |a Indochina (Península) - |x Descripción | ||
| 650 | |a Asia Sudoriental - |x Descripción | ||
| 650 | |a Etnología | ||
| 650 | |a Antropología Cultural | ||
| 650 | |a Bernatzik, Emy | ||
| 650 | |a Bernatzik, Hugo Adolf | ||
| 700 | |a Bernatzik, Emy |e (autor) | ||
| 700 | |a Payarols, Francisco |e (traducción) | ||
| 910 | |a Fondo Jesús Rodríguez | ||
| 920 | |a Impresos - Libros | ||
| 930 | |a Fondos Especiales | ||
| 940 | |a Literatura | ||
| 905 | |a 113 | ||
| 901 | |a 0500034172 |b IT2 |c ESP |u 20250521 | ||
| 902 | |a https://opac.biblio.iteso.mx/vufind/Record/000099128 | ||